|
|
|
|
| LEADER |
01315nam a2200325 u 4500 |
| 001 |
10022772 |
| 003 |
upatras |
| 005 |
20210117205711.0 |
| 008 |
990123s1998 us eng |
| 020 |
|
|
|a 0781715040
|
| 040 |
|
|
|a GR-PaULI
|c GR-PaULI
|
| 041 |
0 |
|
|a eng
|
| 082 |
0 |
4 |
|a WL 100
|
| 245 |
1 |
0 |
|a Consciousness at the frontiers of neuroscience
|c editors Herbert H. Jasper, Laurent Descarries, Vincent F. Castellucci...[et al.]
|
| 260 |
|
|
|a Philadelphia
|b Lippincott-Raven
|c 1998
|
| 300 |
|
|
|a xvi, 299 p.
|b fig.
|c 26 cm.
|
| 490 |
0 |
|
|a Advances in neurology
|v 77
|
| 504 |
|
|
|a Includes bibliographical references and index
|
| 650 |
|
4 |
|a Εγκέφαλος
|9 1895
|
| 650 |
|
4 |
|a Συμπεριφορά
|9 2326
|
| 650 |
|
4 |
|a Νευρικό σύστημα
|x Ασθένειες
|9 28865
|
| 700 |
1 |
|
|a Jasper, Herbert H.
|4 edt
|9 148338
|
| 700 |
1 |
|
|a Descarries, Laurent
|4 edt
|9 148339
|
| 700 |
1 |
|
|a Castellucci, Vincent
|4 edt
|9 148340
|
| 760 |
0 |
|
|a Advances in neurology
|g 77
|
| 852 |
|
|
|a GR-PaULI
|b ΠΑΤΡΑ
|b ΙΑΤΡΙΚΗ
|k ΑΣΧΞ-10
|h WL 100 JAS
|m 3704
|p 025000057375
|t 1
|
| 942 |
|
|
|2 ddc
|c BK15
|
| 952 |
|
|
|0 0
|1 0
|4 0
|6 WL_100_000000000000000_JAS
|7 0
|9 187862
|a MEDI
|b MEDI
|d 2016-04-24
|i 3704
|l 0
|o WL 100 JAS
|p 025000057375
|r 2016-04-24 00:00:00
|t 1
|w 2016-04-24
|y BK15
|
| 998 |
|
|
|c ΔΡΑΚΟΠΟΥΛΟΥ
|d 1999-06
|
| 999 |
|
|
|c 115862
|d 115862
|